| 000 | 00841nam a2200229 a 4500 | ||
|---|---|---|---|
| 008 | 120416s1973 ||||||||||||||||| || u | ||
| 020 | _a0297766570 | ||
| 020 | _a0297766589 | ||
| 050 | _aHF 1007 Sir | ||
| 100 | _aSirc, Ljubo | ||
| 245 | 1 | 0 | _aOutline of international trade: commodity flows and division of production between countries |
| 260 |
_aLondon: _bWeidenfeld & Nicolson _c1973 |
||
| 300 | _ax, 156p. : ill. | ||
| 350 | _a0.00 | ||
| 490 | _aReading economics | ||
| 500 | _aIncludes bibliographical references. | ||
| 650 | _aPRICES | ||
| 650 | 0 | _aECONOMICS | |
| 650 | 0 | _aCOMMERCIAL POLICY | |
| 650 | 0 | _aINTERNATIONAL ECONOMIC RELATIONS--HANDBOOKS, MANUALS, E.T.C | |
| 995 |
_D0.00 _FCBU-MAIN LIBRARY (Kitwe) _H1 _I3.25 _M1 _UAVAILABLE _ZMain Library Open Access Collection |
||
| 999 |
_c53005 _d53005 |
||